000 00502nam a22001697a 4500
005 20251108175935.0
008 250721s2023 xx 000 0 ara d
082 1 4 _a158.1/قرط
100 1 _aقرطام، اشرف
245 1 0 _aكن ذاتك :
_b101قصة ودرس وحكمة في عالم النجاح /
264 1 _aعمان :
_bعصير الكتب،
_c2023.
300 _a311ص.
650 1 7 _aالتنمية البشرية
650 1 7 _aالنجاح
942 _2ddc
_cBK
999 _c145997
_d145997